[Event "Istanbul op-A 12th"]
[Site "Istanbul"]
[Date "2013.10.16"]
[Round "6"]
[White "Caglar, Ahmet Ata"]
[Black "Goynuguzel, Serkan"]
[Result "1-0"]
[WhiteElo "1762"]
[BlackElo "1864"]
[PlyCount "137"]
[EventDate "2013.10.12"]
[EventType "swiss"]
[EventRounds "9"]
[EventCountry "TUR"]
[SourceTitle "EXT 2014"]
[Source "ChessBase"]
[SourceDate "2013.11.20"]
[SourceVersion "1"]
[SourceVersionDate "2013.11.20"]
[SourceQuality "1"]

1. d4 Nf6 2. c4 g6 3. Nc3 Bg7 4. e4 d6 5. Be2 0-0 6. Bg5 c6 7. Qd2 Qa5 8. Nf3 Nbd7 9. 0-0 Re8 10. Rab1 c5 11. dxc5 dxc5 12. h3 e5 13. Rfd1 a6 14. Qd6 Bf8 15. Qd2 Bg7 16. Nh2 Nf8 17. Bxf6 Bxf6 18. Nd5 Qd8 19. Qe3 Ne6 20. Ng4 Be7 21. Ndf6+ Bxf6 22. Rxd8 Bxd8 23. Nxe5 Nd4 24. Nf3 Nxe2+ 25. Qxe2 Bf5 26. Nd2 Bg5 27. f3 Rad8 28. Rd1 Be6 29. b3 Rd4 30. Nf1 Red8 31. Rxd4 cxd4 32. Qd3 Bf6 33. f4 Be7 34. g4 f6 35. Ng3 Rc8 36. Kg2 Bc5 37. f5 Bf7 38. fxg6 hxg6 39. h4 b5 40. cxb5 axb5 41. Qxb5 Ba3 42. Qd3 Bb2 43. Ne2 Ra8 44. a4 Rb8 45. Nf4 Rxb3 46. Qc2 Bc3 47. Nd3 Ra3 48. Qb1 Rb3 49. Qf1 Rb6 50. g5 Bc4 51. Qf3 Kg7 52. Qf4 Rb7 53. Qxf6+ Kh7 54. Qc6 Bxd3 55. Qxb7+ Kh8 56. Qc8+ Kg7 57. Qd7+ Kf8 58. Qd6+ Kg7 59. Qf6+ Kh7 60. Qf7+ Kh8 61. Qf8+ Kh7 62. Qh6+ Kg8 63. Qxg6+ Kf8 64. h5 Bc2 65. h6 Ke7 66. Qf6+ Kd7 67. Qf5+ Kd8 68. h7 d3 69. Qd5+ 1-0